000 00706nam a2200229 a 4500
005 20140311163043.0
008 120901s19uu xx 00 eng d
020 _a1412916569
050 _aHD 30.28
_b.G8359 2007
100 _aGundry, Lisa K.
245 _aEntrepreneurship strategy :
_bchanging patterns in newe venture creation, growth, and reinvention /
_cLisa K. Gundry
260 _aThousand Oaks :
_bSage Publications,
_c2007.
300 _a401 p. :
_c24 cm.
500 _aIncludes index.
521 _aBSBA
650 _aStrategic planning
650 _aEntrepreneurship
650 _aSmall business
_xManagement
700 _aKickul, Jill R.
942 _cBK
_2lcc
_kFOR
999 _c39772
_d39772